| 000 | 00481nam a22001697a 4500 | ||
|---|---|---|---|
| 003 | SISC | ||
| 005 | 20160405134224.0 | ||
| 008 | 130904t xxu||||| |||| 00| 0 eng d | ||
| 020 | _a9810019181 | ||
| 050 |
_aHF 5726 _b.N176 1992 |
||
| 082 |
_aHS 383.122 _bN15 1992 |
||
| 245 |
_aModel letters for students & adults _cMilon Nandy. |
||
| 260 |
_aSingapore : _bComposite study aid Publications, _cc1992. |
||
| 650 |
_a Letter writing _915172 |
||
| 942 |
_2lcc _cBK |
||
| 999 |
_c10362 _d10362 |
||